Marketing y turismo : (Registro nro. 69233)
[ vista simple ]
| 000 -LEADER | |
|---|---|
| fixed length control field | 01174aam a2200313 i 4500 |
| 001 - CONTROL NUMBER | |
| control field | 69233 |
| 003 - CONTROL NUMBER IDENTIFIER | |
| control field | Mx-PuUPA |
| 005 - DATE AND TIME OF LATEST TRANSACTION | |
| control field | 20220302080952.0 |
| 008 - FIXED-LENGTH DATA ELEMENTS--GENERAL INFORMATION | |
| fixed length control field | 200922s2001 sp a|||fr|||| 001 0 spa d |
| 020 ## - INTERNATIONAL STANDARD BOOK NUMBER | |
| International Standard Book Number | 8477382107 |
| 040 ## - CATALOGING SOURCE | |
| Original cataloging agency | Mx-PuUPA |
| Language of cataloging | spa |
| Transcribing agency | Mx-PuUPA |
| Modifying agency | Mx-PuUPA |
| Description conventions | rda |
| 041 0# - LANGUAGE CODE | |
| Language code of text/sound track or separate title | spa |
| 100 1# - MAIN ENTRY--PERSONAL NAME | |
| 9 (RLIN) | 11007 |
| Personal name | Altés Machín, Carmen, |
| Relator term | autor |
| 245 10 - TITLE STATEMENT | |
| Title | Marketing y turismo : |
| Remainder of title | introducción al marketing de empresas y destinos turísticos / |
| Statement of responsibility, etc. | Carmen Altés Machín |
| 264 #4 - PRODUCTION, PUBLICATION, DISTRIBUTION, MANUFACTURE, AND COPYRIGHT NOTICE | |
| Place of production, publication, distribution, manufacture | Madrid : |
| Name of producer, publisher, distributor, manufacturer | Editorial Síntesis, |
| Date of production, publication, distribution, manufacture, or copyright notice | [2001?] |
| 300 ## - PHYSICAL DESCRIPTION | |
| Extent | 286 páginas : |
| Other physical details | ilustraciones ; |
| Dimensions | 23 cm |
| 336 ## - CONTENT TYPE | |
| Fuente | rdacontent |
| Content type term | texto |
| Content type code | txt |
| 337 ## - MEDIA TYPE | |
| Source | rdamedia |
| Media type term | sin medio |
| Media type code | n |
| 338 ## - CARRIER TYPE | |
| Source | rdacarrier |
| Carrier type term | volumen |
| Carrier type code | nc |
| 545 1# - BIOGRAPHICAL OR HISTORICAL DATA | |
| Biographical or historical data | Reimpresiones: (primera, octubre 1995).<br/>Reimpresiones: (segunda, octubre 1997).<br/>Reimpresiones: (tercera, septiembre 2001). |
| 650 #4 - SUBJECT ADDED ENTRY--TOPICAL TERM | |
| Topical term or geographic name entry element | Mercadotecnia |
| 650 #4 - SUBJECT ADDED ENTRY--TOPICAL TERM | |
| Topical term or geographic name entry element | Distribución |
| 650 #4 - SUBJECT ADDED ENTRY--TOPICAL TERM | |
| Topical term or geographic name entry element | Turismo |
| 650 #4 - SUBJECT ADDED ENTRY--TOPICAL TERM | |
| Topical term or geographic name entry element | Productos |
| 942 ## - ADDED ENTRY ELEMENTS (KOHA) | |
| Source of classification or shelving scheme | Dewey Decimal Classification |
| Koha item type | Libro |
| Classification part | 338.47910688 |
| Item part | A465 |
| Withdrawn status | Lost status | Source of classification or shelving scheme | Damaged status | Not for loan | Collection code | Home library | Current library | Shelving location | Date acquired | Source of acquisition | Cost, normal purchase price | Total Checkouts | Full call number | Barcode | Date last seen | Cost, replacement price | Price effective from | Koha item type | Copy number |
|---|---|---|---|---|---|---|---|---|---|---|---|---|---|---|---|---|---|---|---|
| Dewey Decimal Classification | General | Biblioteca Karol Wojtyla | Biblioteca Karol Wojtyla | Sala general | 17/02/2021 | 1 | 290.00 | 338.47910688 A465 2001 | 101874 | 05/01/2026 | 290.00 | 17/02/2021 | Libro | ||||||
| Dewey Decimal Classification | General | Biblioteca Karol Wojtyla | Biblioteca Karol Wojtyla | Sala general | 17/02/2021 | 1 | 290.00 | 338.47910688 A465 2001 | 101875 | 05/01/2026 | 290.00 | 17/02/2021 | Libro | Ej.2 |